Imagen gráfica. Aplicaciones en espacios públicos

Đã lưu trong:
Chi tiết về thư mục
Tác giả chính: Serrats, Marta (Tác giả)
Định dạng: Sách
Ngôn ngữ:Tiếng Tây Ban Nha
Được phát hành: Barcelona MaoMao 2006
Những chủ đề:
Các nhãn: Thêm thẻ
Không có thẻ, Là người đầu tiên thẻ bản ghi này!

MARC

LEADER 00000nam a2200000 a 4500
001 UCI3461
003 CL-VaPUC
008 071102e20060000SP |||||||||||||||||spa|d
020 |a 8495832607 
082 0 4 |a 741.67  |b SER  |2 21 
100 0 |a Serrats, Marta  |e author  |9 524790 
245 1 0 |a Imagen gráfica. Aplicaciones en espacios públicos 
300 |a 255 p 
942 |c BK 
945 |d 20071102 00:00:00  |a rbrito 
260 |a Barcelona  |b MaoMao  |c 2006 
650 0 |a Diseño gráfico  |9 266874 
650 0 |a Imagen  |9 311402 
650 7 |a INFORMACIONPUBLICA  |2 CL-VaPUC  |9 524791 
650 7 |a IMAGEN PUBLICA  |2 CL-VaPUC  |9 459463 
650 0 |a Publicidad  |9 314572 
650 0 |a Proceso de comunicación   |9 332060 
650 0 |a Arte comercial   |9 345354 
650 7 |a PSICOLOGIA DE LA COMUNICACION  |2 CL-VaPUC  |9 332059 
650 0 |a Comunicación   |9 257251 
583 |a last modification  |c 20071102 00:00:00  |k Rodrigo Vera 
999 |c 327644  |d 327642 
952 |0 0  |1 0  |4 0  |6 741_670000000000000_SER_2006  |7 0  |8 A  |9 410743  |a BIBARQ  |b BIBARQ  |d 2019-11-22  |i 4385160  |l 2  |m 1  |o 741.67 SER 2006  |p 4385160  |r 2025-01-20  |s 2024-11-08  |w 2019-11-22  |y BK  |k ARQ